[Event "35th olw final"]
[Site "Bled"]
[Date "2002.11.10"]
[Round "14.2"]
[White "Vovk, Oksana"]
[Black "Samaganova, Alexandra"]
[Result "0-1"]
[WhiteElo "2088"]
[BlackElo "2041"]
[EventDate "2002.10.26"]
[WhiteTeam "Denmark"]
[BlackTeam "Kyrgyzstan"]
[PlyCount "68"]

1.c4 c5 2.Nc3 Nc6 3.Nf3 g6 4.g3 Bg7 5.Bg2 e5 6.O-O Nge7 7.d3 O-O 8.Ne1 d6
9.Nc2 a6 10.Rb1 Rb8 11.b4 cxb4 12.Nxb4 Bd7 13.Nbd5 Nxd5 14.Bxd5 Be6 15.Bg2
Qd7 16.Ba3 f5 17.Qa4 e4 18.Rfc1 b5 19.cxb5 axb5 20.Qc2 b4 21.Nb5 bxa3 22.
dxe4 Rxb5 23.exf5 Rxb1 24.Qxb1 Bxf5 25.Bd5+ Kh8 26.e4 Nd4 27.exf5 Ne2+ 28.
Kg2 Nxc1 29.fxg6 Ne2 30.Qe4 Nc3 31.Qh4 h6 32.g4 Nxd5 33.g5 Nf4+ 34.Kg1 Qh3
0-1